LIBRARY & INFORMATION CENTRE, KCAET, TAVANUR

ONLINE PUBLIC ACCESS CATALOGUE (OPAC)

Soil mechanics and foundation engineering (Geotechnical engineering) / (Record no. 10343)

MARC details
000 -LEADER
fixed length control field 00466cam a2200169ua 4500
003 - CONTROL NUMBER IDENTIFIER
control field OSt
008 - FIXED-LENGTH DATA ELEMENTS--GENERAL INFORMATION
fixed length control field 250415b |||||||| |||| 00| 0 eng d
020 ## - INTERNATIONAL STANDARD BOOK NUMBER
ISBN 8180141128
082 ## - DEWEY DECIMAL CLASSIFICATION NUMBER
Classification number 624.15136
Item number ARO/SO
100 ## - MAIN ENTRY--AUTHOR NAME
Personal name Arora, K R .
245 ## - TITLE STATEMENT
Title Soil mechanics and foundation engineering (Geotechnical engineering) /
250 ## - EDITION STATEMENT
Edition statement 5 /
260 ## - PUBLICATION, DISTRIBUTION, ETC. (IMPRINT)
Place of publication New Delhi :
Name of publisher Standard publishers Distributors ,
Year of publication 2005.
300 ## - PHYSICAL DESCRIPTION
Number of Pages 1029 ; .
500 ## - GENERAL NOTE
General note *CSS
942 ## - ADDED ENTRY ELEMENTS (KOHA)
Koha item type Books
Holdings
Withdrawn status Lost status Damaged status Home library Current library Date acquired Full call number Accession Number Koha item type Collection code Shelving location Cost, normal purchase price Source of acquisition
      KAUAET   07/04/2012 624.15136 ARO/SO 19131 Books        
      KAUAET   07/04/2012 624.15136 ARO/SO 19130 Books        
      KAUAET KAUAET 07/04/2012 624.15136 ARO/SO 21293 Books        
      KAUAET KAUAET 07/04/2012 624.15136 ARO/SO 21814 Books        
      KAUAET KAUAET 31/03/2012 624.15136 ARO/SO 23258 Books Non-fiction General Stacks 400.00  
      KAUAET KAUAET 31/03/2012 624.15136 ARO/SO 23259 Books Non-fiction General Stacks 400.00  
      KAUAET KAUAET 31/03/2012 624.15136 ARO/SO 23260 Books Non-fiction General Stacks 400.00  
      KAUAET KAUAET 31/03/2012 624.15136 ARO/SO 23261 Books Non-fiction General Stacks 400.00  
      KAUAET KAUAET 31/03/2012 624.15136 ARO/SO 23262 Books Non-fiction General Stacks 400.00  
      KAUAET KAUAET 31/03/2012 624.15136 ARO/SO 23263 Books Non-fiction General Stacks 400.00  
      KAUAET KAUAET 31/03/2012 624.15136 ARO/SO 23264 Books Non-fiction General Stacks 400.00  
      KAUAET KAUAET 31/03/2012 624.15136 ARO/SO 23265 Books Non-fiction General Stacks 400.00  
      KAUAET KAUAET 31/03/2012 624.15136 ARO/SO 23266 Books Non-fiction General Stacks 400.00  
      KAUAET KAUAET 31/03/2012 624.15136 ARO/SO 23267 Books Non-fiction General Stacks 400.00  
      KAUAET KAUAET 31/03/2012 624.15136 ARO/SO 23268 Books Non-fiction General Stacks 400.00  
      KAUAET KAUAET 31/03/2012 624.15136 ARO/SO 23269 Books Non-fiction General Stacks 400.00  
      KAUAET KAUAET 31/03/2012 624.15136 ARO/SO 23270 Books Non-fiction General Stacks 400.00  
      KAUAET KAUAET 31/03/2012 624.15136 ARO/SO 23271 Books Non-fiction General Stacks 400.00  
      KAUAET KAUAET 30/03/2013 624.15136 ARO/SO 24114 Books Non-fiction General Stacks 400.00 Aman Book Stall, Calicut
      KAUAET KAUAET 03/06/2016 624.15136 ARO/SO 25005 Books   General Stacks 400.00 Standard Pub Disstributors
      KAUAET KAUAET 03/06/2016 624.15136 ARO/SO 25006 Books   General Stacks 400.00 Standard Pub Disstributors
      KAUAET KAUAET 18/06/2019 624.15136 ARO/SO 21745 Books        
free website counter